000 00339nam a2200145Ia 4500
005 20251222143318.0
008 251222s9999||||xx |||||||||||||| ||spa||
020 _a84-239-6539-2
082 _a306/L726
100 _aLlano Cifuentes, Alejandro
245 0 _aLa Nueva Sensibilidad
250 _a2a.ed.
264 _bEspasa
942 _cLIB
999 _c15993
_d15993